000 00626nam a2200241Ia 4500
003 OSt
005 20221007071708.0
006 a|||||r|||| 00| 0
007 ta
008 221006b |||||||| |||| 00| 0 eng d
024 _a18,796
037 _cTextual
040 _aFLL
_cFLL
_beng
041 _2eng
_aeng
082 _aZ1, L7
100 _aAkehurst Michael
245 0 _aModern introduction to international law
250 _a3rd
260 _aLondon
_bGeorge Allen and Unwin Ltd. England
_c1977
300 _a283p
_ccm.
942 _hZ1, L7
_cTEXL
_2CC
999 _c1143998
_d1143998